| 000 | 01000nam a22003135a 4500 | ||
|---|---|---|---|
| 005 | 20150818111758.0 | ||
| 008 | 150816t1992 nyua|||fr|||| 00| 0 eng d | ||
| 010 | _a 91036142 | ||
| 020 | _a3540554912 | ||
| 020 | _a0387554912 | ||
| 040 |
_aEG-ScBUE _beng _cEG-ScBUE |
||
| 082 | 0 | 4 |
_a621.38152 _bPEA _222 |
| 100 | 1 | _aPearton, S. J. | |
| 245 | 1 | 0 |
_aHydrogen in crystalline semiconductors / _cS.J. Pearton, J.W. Corbett, M. Stavola. |
| 260 |
_aNew York : _bSpringer-Verlag, _cc.1992. |
||
| 300 |
_axi, 363 p. : _bill. ; _c24 cm. |
||
| 490 | 1 |
_aSpringer series in materials science ; _v16 |
|
| 500 | _aIndex : p. 361-363. | ||
| 504 | _aBibliography : p. 331-360. | ||
| 590 | _ayassmeen ashraf | ||
| 650 | 0 |
_aSemiconductors _xDefects. _2BUEsh |
|
| 650 | 0 |
_aHydrogen. _2BUEsh |
|
| 650 | 0 |
_aComplex compounds. _2BUEsh _923025 |
|
| 651 | _2BUEsh | ||
| 653 |
_bENGPET _cAugust2015 |
||
| 700 | 1 | _aCorbett, James W. | |
| 700 | 1 | _aStavola, Michael. | |
| 942 |
_cBB _k621.38152 PEA _2ddc |
||
| 999 |
_c5648 _d5648 |
||